İşletme vergiciliği / (Kayıt no. 13208)

MARC ayrıntıları
000 -BAŞLIK
Sabit Uzunlukta Kontrol Alanı 00908nam a22002657a 4500
999 ## - SİSTEM KONTROL NUMARALARI (KOHA)
Koha Biblionumber 13208
Koha Biblioitemnumber 13208
003 - KONTROL NUMARASI IDENTIFIER
Denetim Alanı TR-AnCHP
005 - SON İŞLEM TARİHİ VE ZAMANI
Denetim Alanı 20190509143701.0
008 - SABİT-BOY VERİ ELEMANLARI - GENEL BİLGİLER
Sabit Uzunlukta Kontrol Alanı 190429b tu ||||| |||| 00| 0 tur d
020 ## - ULUSLARARASI STANDART KİTAP NUMARASI
Uluslararası Standart Kitap Numarası 9786053995081
040 ## - KATALOGLAMA KAYNAK
Orijinal Kataloglama Ajansı TR-AnCHP
Metne Dönüştürmek Ajansı TR-AnCHP
041 ## - DİL KODU
Metin / Ses Parça Veya Ayrı Başlığın Dil Kodu tur
082 ## - DEWEY ONLU SINIFLANDIRMA NUMARASI
Sınıflandırma Numarası 336.20956
Ürün Numarası M87i 2018
100 1# - ANA GİRİŞ - KİŞİSEL İSİM
Kişisel Ad Mutluer, M. Kamil
245 10 - BAŞLIK TABLOSU
Başlık İşletme vergiciliği /
Sorumluluk Tablosu, Vb M. Kamil Mutluer, N. Nilay Dayanç Kuzeyli, Elif Cemre Hazıroğlu.
260 ## - YAYIN, DAĞITIM, VB
Yayın, Dağıtım, Vb Yeri İstanbul :
Yayıncı, Dağıtıcı, Vs Adı İstanbul Bilgi Üniversitesi Yayınları,
Yayın, Dağıtım, Vb Tarihi 2018.
300 ## - FİZİKSEL TANIM
Kapsam xxii, 264 s. ;
Boyutlar 23 sm.
490 ## - SERİSİ TABLOSU
Seri Beyanı İstanbul Bilgi Üniveritesi Yayınları ;
Hacim / Ardışık Tanımı 619.
490 ## - SERİSİ TABLOSU
Seri Beyanı Hukuk ;
Hacim / Ardışık Tanımı 32.
504 ## - KAYNAKÇA VB NOT
Kaynakça Vb Notu Kaynakça ve dizin vardır.
650 #0 - KONU KATMA GİRİŞ - TOPİKAL DÖNEM
Topikal Süreli Veya Coğrafi Ad Giriş Elemanı Vergilendirme
Genel Alt Bölümü Yasa ve mevzuat
Coğrafi Alt Bölümü Türkiye
9 (RLIN) 957
650 ## - KONU KATMA GİRİŞ - TOPİKAL DÖNEM
Topikal Süreli Veya Coğrafi Ad Giriş Elemanı Şirketler
Genel Alt Bölümü Vergilendirme
Coğrafi Alt Bölümü Türkiye
700 ## - KATMA GİRİŞ - KİŞİSEL İSİM
Kişisel Ad Kuzeyli, N. Nilay Dayanç
9 (RLIN) 5693
700 1# - KATMA GİRİŞ - KİŞİSEL İSİM
Kişisel Ad Hazıroğlu, Elif Cemre
942 ## - EKLENDİ GİRİŞ ELEMANLARI (KOHA)
Sınıflandırma Veya Raf Düzeni Kaynak Dewey Decimal Classification
Koha Öğesi Türü Kitaplar
Mevcut
Kalıcı Konum Mevcut Konum Edinme Tarihi Toplam Check-Out'Lar Tam Çağrı Numarası Barkod Tarih Son Görülme İtibaren Geçerli Fiyatlar Koha Öğesi Türü
CHP Kütüphanesi CHP Kütüphanesi 04/29/2019   336.20956 M87i 2018 005296 04/29/2019 04/29/2019 Kitaplar